00345nam a2200133Ia 4500008004100000041000800041082001400049100002100063245004500084250001400129260003500143300002600178365000700204240624s9999 xx 000 0 und d aeng a519.2 WAL aWALPOLE RONALD E aPROBABILITY AND STATISTICS FOR ENGINEERS a(7th ed.) c2004aDelhibPearson Education axvi, : 730 : cm. ; 24 cRS